| 000 | 01172nam a2200289 a 4500 | ||
|---|---|---|---|
| 999 |
_c328038 _d328038 |
||
| 003 | BLK | ||
| 005 | 20250628114420.0 | ||
| 008 | 181218b bu ||||| |||| 00| 0 bu d | ||
| 020 | _a9786192400200 | ||
| 040 | _aBLK | ||
| 041 |
_aBUL _cBUL |
||
| 080 |
_aШведска литература _b821.113.6 _x-93-34 _z821.113.6-93-34 |
||
| 100 |
_aЛиндгрен, Астрид _d1907 - 2002 _qЛиндгрен, Астрид Анна Емилия _9245550 |
||
| 139 |
_aЛиндгрен, Астрид _bЛ 63 |
||
| 245 |
_aПипи открива спунк _cАстрид Линдгрен ; ил. Ингрид Ванг Нюман; прев. Вера Ганчева. |
||
| 257 | _aSWE | ||
| 260 |
_9209558 _aСофия _bПАН _c[2019] |
||
| 300 |
_a16 с. _bс цв. ил. _c28 см |
||
| 380 | _aDX | ||
| 501 | _aОриг. загл.: Pippi hittar en spunk / Astrid Lindgren. | ||
| 700 |
_9267019 _aНюман, Ингрид Ванг _eил. |
||
| 700 | 1 |
_aГанчева, Вера Лалева _951206 |
|
| 852 |
_aЦб ІІ 29710 _bЦб |
||
| 942 |
_cKNG _n0 _068 _s1 |
||
| 944 |
_k30542 _lРусанова Ирена |
||
| 944 |
_aED _kКети _c2021-03-02 |
||